Fundamentos de marketing

Bibliographic Details
Main Author: Armstrong, Gary
Format: Section = Libro
Language:Undetermined
Spanish
Published: México Pearson 2013
Edition:11a.ed.
Subjects:
LEADER 00612nam a2200241Ia 4500
008 240830s9999 xx 000 0 und d
020 |a 978-607-32-1722-4 
040 |a B-ESTELÍ- RUACS / 658.8 A735 
041 |a spa 
082 |a 658.8 A735 
100 1 |a Armstrong, Gary 
245 1 0 |a Fundamentos de marketing 
250 |a 11a.ed. 
260 |a México  |b Pearson  |c 2013 
300 |a 648 p.: il 
650 7 |a MERCADEO - FUNDAMENTOS 
650 7 |b  PLANEACION ESTRATEGICA 
650 7 |c  SEGMENTACION DE MERCADO 
650 7 |d  DISTRIBUCION 
650 7 |e VENTAS 
942 |c BK  |2 ddc 
991 |a TEXTO 
999 |c 11502